Statistics for A-Z: Australia

Click here to take the quiz!

General Stats

  • This quiz has been taken 29 times
  • The average score is 11 of 26

Answer Stats

HintAnswer% Correct
Capital of Western AustraliaPPerth
96%
State inamed after a QueenVVictoria
96%
Precious stoneOOpal
88%
Tree-dwelling marsupialKKoala
84%
TV star known as the "Crocodile Hunter"ISteve Irwin
84%
Actor in X MenJHugh Jackman
76%
Australian TerritoryNNorthern Territory
76%
Spiny anteaterEEchidna
52%
Prime Minister from 2022AAnthony Albanese
44%
Last male tennis player to win the Grand Slam in one yearLRod Laver
44%
Cricketer, greatest batsman everBDonald Bradman
40%
Beer known as Castlemaine ----XXXXX
40%
Wimbledon Ladies champion 1980GYvonne Goolagong Cawley
32%
Opera singerMDame Nellie Melba
28%
Egg laying mammalDDuck-billed Platypus
28%
Marsupial on Rottnest Island, WAQQuokka
28%
Can of beer in Aussie slangTTinny
28%
River that flows through MelbourneYYarra
28%
Venue of the 1983 Americas CupFFremantle
20%
Prime Minister 1996-2007HJohn Howard
20%
City known as the Beef Capital of AustraliaRRockhampton
20%
Architect of Sydney Opera HouseUJørn Utzon
12%
City in New South WalesWWagga Wagga
12%
Carton of beers in Aussie slangSSlab
8%
Five cent coinZZack
8%
Twice winner of the Booker Prize for literatureCPeter Carey
4%

Score Distribution

Percentile by Number Answered

Percent of People with Each Score

Your Score History

You have not taken this quiz